01126nam a2200217Ia 4500008005200000020001800052082001500070100001800085245003800103250000800141260006500149300002200214504049600236650002300732650002300755650002300778650002800801700002600829700002400855700002900879200103s 2016 ||||xx |||||||||||||| ||und|| a9781259062667 a620.1bTIM aTimoshenko, S 0aEngineering mechanics in SI units a5th bMcGraw-Hill Education (India) Private Limitedc2016aChennai axix, 857 p.: ill. aTable of Contents Preface Introduction Concurrent forces in a plane Parallel forces in a plane General case of forces in a plane Force systems in space Principle of virtual work Rectilinear translation Curvilinear translation Rotation of a rigid body about a fixed axis Plane motion of a rigid body Relative motion -- Appendix 1. Moments of inertia of plane figures Appendix 2. Moments of inertia of material bodies Appendix 3. Forced vibrations Appendix 4. Balancing of rigid rotors. Index aMechanics, Applied aStatics - Dynamics aForces and couples aMechanics - Engineering aYoung, D HeCo-author aRao, J VeCo-author aPati, SukumareCo-author